000 01433nam a2200277 a 4500
001 000000833
005 20200929145423.0
008 090527s2004 sp 000 0 spa d
020 _a8474327458
020 _a9788474327458
040 _aDO-SdBNP
_bspa
_cBNPHU
082 _a384.551
_bB982t, 2004
100 1 _aBustamante, Enrique
_92937
245 1 3 _aLa televisión económica :
_bfinanciación, estrategias y mercados /
_cEnrique Bustamante.
250 _a2a ed.
260 _aBarcelona :
_bGedisa,
_c2004.
300 _a220 p. ;
_c20 cm.
490 0 _aEstudios de televisión
_v1
504 _aIncluye referencias bibliográficas
505 2 _aPrólogo a la 2a edición: y pasaron cinco años -- Introducción: una económia política de la televisión -- La televisión económica -- La televisión regulada -- La televisión desregulada -- La televisión pública -- La televisión privada -- La televisión concentrada -- La televisión programada -- La televisión producida -- La televisión publicitaria -- La televisión consumida -- La televisión local y regional -- La televisión pagada -- La televisión digital -- Epílogo: la televisión del futuro -- Bibliografía -- Notas.
650 4 _aTeledifusión
_xAspectos económicos
_92938
650 4 _aTelevisión por suscripción
_92939
650 4 _aTelevisión digital
_92940
650 4 _aTelevisión estatal
_92941
830 0 _aEstudios de televisión
_n1
_92942
999 _c829
_d829